[Event "Is Bankasi Online Satranc Turn.13-14 Yas"]
[Site "T#645826Mustafa Kemal"]
[Date "2020.05.08"]
[Round "4"]
[White "Alpereneryilma90"]
[Black "Metinemrekina76"]
[Result "0-1"]
[WhiteElo "1480"]
[BlackElo "1592"]
[Annotator "NA"]
[PlyCount "170"]
[EventDate "2020.05.08"]
[EventType "swiss (blitz)"]

1. e4 {[%emt 0:00:01]} e5 {[%emt 0:00:05]} 2. Nf3 {[%emt 0:00:01]} Nc6 {[%emt 0:00:01]} 3. Nc3 {[%emt 0:00:01]} Bc5 {[%emt 0:00:05]} 4. Nxe5 {[%emt 0:00:01]} Nxe5 {[%emt 0:00:02]} 5. d4 {[%emt 0:00:00]} Bxd4 {[%emt 0:00:00]} 6. Qxd4 {[%emt 0:00:02]} Qf6 {[%emt 0:00:03]} 7. Qd1 {[%emt 0:00:14]} d6 {[%emt 0:00:06]} 8. Be2 {[%emt 0:00:03]} Ne7 {[%emt 0:00:13]} 9. O-O {[%emt 0:00:02]} O-O {[%emt 0:00:03]} 10. h3 {[%emt 0:00:10]} Qg6 {[%emt 0:00:05]} 11. Bh5 {[%emt 0:00:09]} Qf6 {[%emt 0:00:15]} 12. f4 {[%emt 0:00:18]} N5g6 {[%emt 0:00:08]} 13. Be3 {[%emt 0:00:12]} Nc6 {[%emt 0:00:21]} 14. Nd5 {[%emt 0:00:06]} Qd8 {[%emt 0:00:06]} 15. c3 {[%emt 0:00:10]} Nce7 {[%emt 0:00:07]} 16. Nb4 {[%emt 0:00:16]} b6 {[%emt 0:00:13]} 17. Qd2 {[%emt 0:00:20]} Bb7 {[%emt 0:00:06]} 18. Qd3 {[%emt 0:00:06]} a5 {[%emt 0:00:13]} 19. Nc2 {[%emt 0:00:03]} Ba6 {[%emt 0:00:08]} 20. c4 {[%emt 0:00:05]} Qd7 {[%emt 0:00:25]} 21. b3 {[%emt 0:00:06]} Rad8 {[%emt 0:00:04]} 22. Rad1 {[%emt 0:00:09]} Qc8 {[%emt 0:00:07]} 23. Ne1 {[%emt 0:00:07]} Bb7 {[%emt 0:00:14]} 24. Nf3 {[%emt 0:00:02]} f5 {[%emt 0:00:08]} 25. exf5 {[%emt 0:00:14]} Qxf5 {[%emt 0:00:08]} 26. Qxf5 {[%emt 0:00:03]} Rxf5 {[%emt 0:00:00]} 27. Bg4 {[%emt 0:00:05]} Rff8 {[%emt 0:00:07]} 28. Be6+ {[%emt 0:00:05]} Kh8 {[%emt 0:00:02]} 29. Nd4 {[%emt 0:00:07]} Nc6 {[%emt 0:00:11]} 30. Bd5 {[%emt 0:00:07]} Nxd4 {[%emt 0:00:06]} 31. Bxb7 {[%emt 0:00:05]} Nf5 {[%emt 0:00:01]} 32. Bc1 {[%emt 0:00:06]} Rb8 {[%emt 0:00:01]} 33. Be4 {[%emt 0:00:02]} Rbe8 {[%emt 0:00:01]} 34. Bc2 {[%emt 0:00:03]} Ne3 {[%emt 0:00:02]} 35. Bxe3 {[%emt 0:00:02]} Rxe3 {[%emt 0:00:00]} 36. Rfe1 {[%emt 0:00:01]} Rxe1+ {[%emt 0:00:01]} 37. Rxe1 {[%emt 0:00:00]} Rxf4 {[%emt 0:00:02]} 38. Re8+ {[%emt 0:00:04]} Rf8 {[%emt 0:00:00]} 39. Re1 {[%emt 0:00:03]} Kg8 {[%emt 0:00:03]} 40. Bxg6 {[%emt 0:00:03]} hxg6 {[%emt 0:00:00]} 41. g3 {[%emt 0:00:01]} Rf7 {[%emt 0:00:01]} 42. Kg2 {[%emt 0:00:01]} Kf8 {[%emt 0:00:01]} 43. Re4 {[%emt 0:00:04]} Re7 {[%emt 0:00:01]} 44. Kf3 {[%emt 0:00:05]} Rxe4 {[%emt 0:00:07]} 45. Kxe4 {[%emt 0:00:01]} Kf7 {[%emt 0:00:00]} 46. Kf4 {[%emt 0:00:01]} Kf6 {[%emt 0:00:01]} 47. h4 {[%emt 0:00:01]} Ke6 {[%emt 0:00:03]} 48. Ke4 {[%emt 0:00:01]} c6 {[%emt 0:00:03]} 49. g4 {[%emt 0:00:02]} d5+ {[%emt 0:00:11]} 50. cxd5+ {[%emt 0:00:07]} cxd5+ {[%emt 0:00:00]} 51. Kd4 {[%emt 0:00:01]} Kd6 {[%emt 0:00:01]} 52. a3 {[%emt 0:00:02]} Kc6 {[%emt 0:00:00]} 53. a4 {[%emt 0:00:09]} Kd6 {[%emt 0:00:01]} 54. h5 {[%emt 0:00:04]} Ke6 {[%emt 0:00:01]} 55. hxg6 {[%emt 0:00:03]} Kf6 {[%emt 0:00:06]} 56. Kxd5 {[%emt 0:00:01]} Kxg6 {[%emt 0:00:01]} 57. Ke4 {[%emt 0:00:00]} Kg5 {[%emt 0:00:01]} 58. Kf3 {[%emt 0:00:01]} Kf6 {[%emt 0:00:02]} 59. Kf4 {[%emt 0:00:01]} Ke6 {[%emt 0:00:05]} 60. Ke4 {[%emt 0:00:02]} g5 {[%emt 0:00:01]} 61. Kd4 {[%emt 0:00:04]} Kd6 {[%emt 0:00:01]} 62. Kc4 {[%emt 0:00:03]} Kc6 {[%emt 0:00:05]} 63. Kd4 {[%emt 0:00:02]} Kd6 {[%emt 0:00:03]} 64. Kc4 {[%emt 0:00:04]} Kc6 {[%emt 0:00:04]} 65. Kd4 {[%emt 0:00:01]} b5 {[%emt 0:00:01]} 66. axb5+ {[%emt 0:00:02]} Kxb5 {[%emt 0:00:00]} 67. Kc3 {[%emt 0:00:00]} Kc5 {[%emt 0:00:01]} 68. Kb2 {[%emt 0:00:04]} Kb4 {[%emt 0:00:01]} 69. Kc2 {[%emt 0:00:01]} Kc5 {[%emt 0:00:01]} 70. Kc3 {[%emt 0:00:01]} Kd5 {[%emt 0:00:01]} 71. b4 {[%emt 0:00:01]} axb4+ {[%emt 0:00:00]} 72. Kxb4 {[%emt 0:00:00]} Ke4 {[%emt 0:00:00]} 73. Kc3 {[%emt 0:00:01]} Kf4 {[%emt 0:00:00]} 74. Kd2 {[%emt 0:00:00]} Kxg4 {[%emt 0:00:00]} 75. Ke1 {[%emt 0:00:00]} Kh3 {[%emt 0:00:00]} 76. Kf1 {[%emt 0:00:01]} g4 {[%emt 0:00:00]} 77. Kg1 {[%emt 0:00:01]} Kg3 {[%emt 0:00:00]} 78. Kh1 {[%emt 0:00:02]} Kf2 {[%emt 0:00:01]} 79. Kh2 {[%emt 0:00:01]} g3+ {[%emt 0:00:00]} 80. Kh3 {[%emt 0:00:00]} g2 {[%emt 0:00:00]} 81. Kh4 {[%emt 0:00:00]} g1=Q {[%emt 0:00:01]} 82. Kh5 {[%emt 0:00:00]} Qg7 {[%emt 0:00:01]} 83. Kh4 {[%emt 0:00:01]} Kf3 {[%emt 0:00:01]} 84. Kh5 {[%emt 0:00:01]} Kf4 {[%emt 0:00:01]} 85. Kh4 {[%emt 0:00:04]} Qh7# {[%emt 0:00:04] (Lag: Av=0.64s, max=5.6s)} 0-1

[Event "Is Bankasi Online Satranc Turn.13-14 Yas"]
[Site "T#645826Mustafa Kemal"]
[Date "2020.05.08"]
[Round "4"]
[White "Ardahanyigitag24"]
[Black "Omerfarukkuscu98"]
[Result "0-1"]
[WhiteElo "1463"]
[BlackElo "1620"]
[Annotator "NA RC"]
[PlyCount "68"]
[EventDate "2020.05.08"]
[EventType "swiss (blitz)"]

1. e4 {[%emt 0:00:05]} c6 {[%emt 0:00:02]} 2. Bc4 {[%emt 0:00:03]} d5 {[%emt 0:00:01]} 3. exd5 {[%emt 0:00:02]} cxd5 {[%emt 0:00:01]} 4. Bb5+ {[%emt 0:00:00]} Nc6 {[%emt 0:00:02]} 5. c4 {[%emt 0:00:06]} Nf6 {[%emt 0:00:11]} 6. cxd5 {[%emt 0:00:02]} Qxd5 {[%emt 0:00:03]} 7. Bxc6+ {[%emt 0:00:02]} Qxc6 {[%emt 0:00:02]} 8. Nf3 {[%emt 0:00:03]} Bg4 {[%emt 0:00:02]} 9. O-O {[%emt 0:00:05]} e6 {[%emt 0:00:02]} 10. h3 {[%emt 0:00:03]} Bh5 {[%emt 0:00:01]} 11. g4 {[%emt 0:00:03]} Bg6 {[%emt 0:00:10]} 12. Ne5 {[%emt 0:00:07]} Qe4 {[%emt 0:00:10]} 13. Re1 {[%emt 0:00:06]} Qc2 {[%emt 0:00:19]} 14. Qf3 {[%emt 0:00:10]} O-O-O {[%emt 0:00:19]} 15. Nxg6 {[%emt 0:00:05]} hxg6 {[%emt 0:00:02]} 16. g5 {[%emt 0:00:03]} Nd5 {[%emt 0:00:09]} 17. Qxf7 {[%emt 0:00:10]} Qf5 {[%emt 0:00:15] Omerfarukkuscu98 beraberlik teklif ediyor} 18. Qxe6+ {[%emt 0:00:24]} Qxe6 {[%emt 0:00:04]} 19. Rxe6 {[%emt 0:00:02]} Rxh3 {[%emt 0:00:03]} 20. Rxg6 {[%emt 0:00:04]} Nf4 {[%emt 0:00:05]} 21. Rh6 {[%emt 0:00:31]} Rxh6 {[%emt 0:00:06]} 22. gxh6 {[%emt 0:00:01]} Ne2+ {[%emt 0:00:03]} 23. Kf1 {[%emt 0:00:03]} Nxc1 {[%emt 0:00:01]} 24. Nc3 {[%emt 0:00:01]} Nd3 {[%emt 0:00:03]} 25. Na4 {[%emt 0:00:07]} gxh6 {[%emt 0:00:05]} 26. Ke2 {[%emt 0:00:05]} Nf4+ {[%emt 0:00:03]} 27. Kf3 {[%emt 0:00:04]} Ng6 {[%emt 0:00:06]} 28. Rc1+ {[%emt 0:00:02]} Kb8 {[%emt 0:00:03]} 29. Nc5 {[%emt 0:00:05]} Rxd2 {[%emt 0:00:12]} 30. Ne6 {[%emt 0:00:12]} Bd6 {[%emt 0:00:07]} 31. Nd8 {[%emt 0:00:16]} Rxb2 {[%emt 0:00:09]} 32. Nc6+ {[%emt 0:00:06]} bxc6 {[%emt 0:00:03]} 33. Rxc6 {[%emt 0:00:01]} Ne5+ {[%emt 0:00:03]} 34. Ke4 {[%emt 0:00:06]} Nxc6 {[%emt 0:00:00] Ardahanyigitag24 terk eder (Lag: Av=0.72s, max=2.6s)} 0-1

[Event "Is Bankasi Online Satranc Turn.13-14 Yas"]
[Site "T#645826Mustafa Kemal"]
[Date "2020.05.08"]
[Round "4"]
[White "Berkaysemitay32"]
[Black "Demirbarkincak08"]
[Result "1-0"]
[WhiteElo "1449"]
[BlackElo "1505"]
[Annotator "NA RC"]
[PlyCount "45"]
[EventDate "2020.05.08"]
[EventType "swiss (blitz)"]

1. e4 {[%emt 0:00:04]} d5 {[%emt 0:00:00]} 2. exd5 {[%emt 0:00:02]} e6 {[%emt 0:00:04]} 3. Nc3 {[%emt 0:00:01]} exd5 {[%emt 0:00:03]} 4. Qe2+ {[%emt 0:00:03]} Ne7 {[%emt 0:00:10]} 5. Nf3 {[%emt 0:00:04]} Nbc6 {[%emt 0:00:05]} 6. d4 {[%emt 0:00:08]} Nxd4 {[%emt 0:00:04]} 7. Nxd4 {[%emt 0:00:03]} Bd7 {[%emt 0:00:09]} 8. g3 {[%emt 0:00:02]} h5 {[%emt 0:00:03]} 9. Bg2 {[%emt 0:00:02]} Bg4 {[%emt 0:00:04]} 10. Nf3 {[%emt 0:00:12]} Rc8 {[%emt 0:00:15]} 11. h3 {[%emt 0:00:06]} Be6 {[%emt 0:00:06]} 12. O-O {[%emt 0:00:03]} c5 {[%emt 0:00:07]} 13. Bg5 {[%emt 0:00:11]} f6 {[%emt 0:00:04]} 14. Be3 {[%emt 0:00:04]} d4 {[%emt 0:00:04]} 15. Rfd1 {[%emt 0:00:40]} Qc7 {[%emt 0:00:11]} 16. Nxd4 {[%emt 0:00:11]} cxd4 {[%emt 0:00:03]} 17. Bxd4 {[%emt 0:00:03]} Nc6 {[%emt 0:00:05]} 18. Qxe6+ {[%emt 0:00:10]} Qe7 {[%emt 0:00:07]} 19. Qxc8+ {[%emt 0:00:02]} Qd8 {[%emt 0:00:04]} 20. Bxc6+ {[%emt 0:00:05]} Ke7 {[%emt 0:00:11]} 21. Qxb7+ {[%emt 0:00:09]} Ke6 {[%emt 0:00:13]} 22. Bd5+ {[%emt 0:00:09]} Kd6 {[%emt 0:00:05]} 23. Nb5# {[%emt 0:00:03] (Lag: Av=1.29s, max=4.0s)} 1-0

[Event "Is Bankasi Online Satranc Turn.13-14 Yas"]
[Site "T#645826Mustafa Kemal"]
[Date "2020.05.08"]
[Round "4"]
[White "Cavittankilica52"]
[Black "Denizyildiz42"]
[Result "1-0"]
[WhiteElo "1427"]
[BlackElo "1620"]
[Annotator "NA RC"]
[PlyCount "111"]
[EventDate "2020.05.08"]
[EventType "swiss (blitz)"]

1. e4 {[%emt 0:00:02]} e5 {[%emt 0:00:03]} 2. Nf3 {[%emt 0:00:01]} Nc6 {[%emt 0:00:04]} 3. Bc4 {[%emt 0:00:01]} g6 {[%emt 0:00:15]} 4. d4 {[%emt 0:00:09]} exd4 {[%emt 0:00:02]} 5. Nxd4 {[%emt 0:00:02]} Nxd4 {[%emt 0:00:02]} 6. Qxd4 {[%emt 0:00:02]} Qf6 {[%emt 0:00:02]} 7. Be3 {[%emt 0:00:08]} Bg7 {[%emt 0:00:06]} 8. c3 {[%emt 0:00:07]} d6 {[%emt 0:00:07]} 9. O-O {[%emt 0:00:08]} c5 {[%emt 0:00:01]} 10. Qxf6 {[%emt 0:00:06]} Bxf6 {[%emt 0:00:02]} 11. Nd2 {[%emt 0:00:02]} Ne7 {[%emt 0:00:03]} 12. Rad1 {[%emt 0:00:08]} O-O {[%emt 0:00:02]} 13. Rfe1 {[%emt 0:00:06]} h5 {[%emt 0:00:06]} 14. Bb3 {[%emt 0:00:11]} Be6 {[%emt 0:00:03]} 15. Nc4 {[%emt 0:00:05]} Rad8 {[%emt 0:00:09]} 16. Nxd6 {[%emt 0:00:04]} Bxb3 {[%emt 0:00:10]} 17. axb3 {[%emt 0:00:04]} Be5 {[%emt 0:00:01]} 18. Nxb7 {[%emt 0:00:07]} Rxd1 {[%emt 0:00:04]} 19. Rxd1 {[%emt 0:00:02]} Rb8 {[%emt 0:00:16]} 20. Nxc5 {[%emt 0:00:02]} Nc6 {[%emt 0:00:10]} 21. b4 {[%emt 0:00:07]} f6 {[%emt 0:00:07]} 22. Rd2 {[%emt 0:00:05]} g5 {[%emt 0:00:03]} 23. Nd7 {[%emt 0:00:03]} Rd8 {[%emt 0:00:04]} 24. Nxe5 {[%emt 0:00:06]} fxe5 {[%emt 0:00:03]} 25. Rxd8+ {[%emt 0:00:03]} Nxd8 {[%emt 0:00:03]} 26. Bxg5 {[%emt 0:00:01]} Ne6 {[%emt 0:00:04]} 27. Be3 {[%emt 0:00:02]} Kf7 {[%emt 0:00:04]} 28. Bxa7 {[%emt 0:00:01]} Nf4 {[%emt 0:00:03]} 29. Be3 {[%emt 0:00:07]} Ne2+ {[%emt 0:00:03]} 30. Kf1 {[%emt 0:00:01]} Nf4 {[%emt 0:00:11]} 31. Bxf4 {[%emt 0:00:01]} exf4 {[%emt 0:00:01]} 32. Ke2 {[%emt 0:00:01]} Ke6 {[%emt 0:00:01]} 33. b5 {[%emt 0:00:01]} Kd6 {[%emt 0:00:02]} 34. Kf3 {[%emt 0:00:01]} Ke5 {[%emt 0:00:08]} 35. b6 {[%emt 0:00:02]} Kd6 {[%emt 0:00:03]} 36. b7 {[%emt 0:00:02]} Kc7 {[%emt 0:00:01]} 37. Kxf4 {[%emt 0:00:01]} Kxb7 {[%emt 0:00:01]} 38. Kg5 {[%emt 0:00:01]} Kc6 {[%emt 0:00:01]} 39. Kxh5 {[%emt 0:00:01]} Kd6 {[%emt 0:00:01]} 40. f4 {[%emt 0:00:02]} Kc5 {[%emt 0:00:02]} 41. b3 {[%emt 0:00:04]} Kd6 {[%emt 0:00:02]} 42. g4 {[%emt 0:00:02]} Ke6 {[%emt 0:00:02]} 43. b4 {[%emt 0:00:02]} Kd6 {[%emt 0:00:01]} 44. c4 {[%emt 0:00:01]} Kc6 {[%emt 0:00:01]} 45. e5 {[%emt 0:00:04]} Kd7 {[%emt 0:00:01]} 46. c5 {[%emt 0:00:02]} Kc6 {[%emt 0:00:04]} 47. g5 {[%emt 0:00:01]} Kd7 {[%emt 0:00:01]} 48. g6 {[%emt 0:00:01]} Ke7 {[%emt 0:00:01]} 49. f5 {[%emt 0:00:01]} Kf8 {[%emt 0:00:01]} 50. b5 {[%emt 0:00:02]} Kg7 {[%emt 0:00:01]} 51. b6 {[%emt 0:00:01]} Kf8 {[%emt 0:00:01]} 52. b7 {[%emt 0:00:01]} Ke7 {[%emt 0:00:01]} 53. f6+ {[%emt 0:00:05]} Kd7 {[%emt 0:00:02]} 54. g7 {[%emt 0:00:04]} Ke8 {[%emt 0:00:02]} 55. g8=Q+ {[%emt 0:00:02] Denizyildiz42 beraberlik teklif ediyor} Kd7 {[%emt 0:00:02]} 56. e6+ {[%emt 0:00:03] Denizyildiz42 terk eder (Lag: Av=0.96s, max=1.4s)} 1-0

[Event "Is Bankasi Online Satranc Turn.13-14 Yas"]
[Site "T#645826Mustafa Kemal"]
[Date "2020.05.08"]
[Round "4"]
[White "boratuncaya04"]
[Black "Umutsenocak54"]
[Result "0-1"]
[WhiteElo "1427"]
[BlackElo "1326"]
[Annotator "NA RC"]
[PlyCount "46"]
[EventDate "2020.05.08"]
[EventType "swiss (blitz)"]

1. e3 {[%emt 0:00:03] boratuncaya04 beraberlik teklif ediyor} e6 {[%emt 0:00:17]} 2. Nf3 {[%emt 0:00:04]} d5 {[%emt 0:00:03]} 3. Bd3 {[%emt 0:00:02]} Nf6 {[%emt 0:00:03]} 4. O-O {[%emt 0:00:02]} Nc6 {[%emt 0:00:02]} 5. Nc3 {[%emt 0:00:01]} Bd7 {[%emt 0:00:07]} 6. e4 {[%emt 0:00:01]} dxe4 {[%emt 0:00:06]} 7. Nxe4 {[%emt 0:00:03]} Nxe4 {[%emt 0:00:16]} 8. Bxe4 {[%emt 0:00:04]} Be7 {[%emt 0:00:00]} 9. c4 {[%emt 0:00:11]} O-O {[%emt 0:00:22]} 10. Ng5 {[%emt 0:00:05]} Bxg5 {[%emt 0:00:15]} 11. Qh5 {[%emt 0:00:08]} g6 {[%emt 0:00:05]} 12. Qh6 {[%emt 0:00:08]} Bxh6 {[%emt 0:00:03]} 13. Re1 {[%emt 0:00:06]} Nd4 {[%emt 0:00:07]} 14. Rb1 {[%emt 0:00:17]} Nc2 {[%emt 0:00:08]} 15. Re2 {[%emt 0:00:02]} Nd4 {[%emt 0:00:05]} 16. b3 {[%emt 0:00:05]} f6 {[%emt 0:00:06]} 17. Bb2 {[%emt 0:00:02]} e5 {[%emt 0:00:34]} 18. Re3 {[%emt 0:00:15]} Bxe3 {[%emt 0:00:15]} 19. dxe3 {[%emt 0:00:06]} Bf5 {[%emt 0:00:02]} 20. exd4 {[%emt 0:00:02]} Bxe4 {[%emt 0:00:09]} 21. dxe5 {[%emt 0:00:05]} Bxb1 {[%emt 0:00:04]} 22. Bd4 {[%emt 0:00:07]} Qxd4 {[%emt 0:00:04] boratuncaya04 beraberlik teklif ediyor} 23. exf6 {[%emt 0:00:16]} Qd1# {[%emt 0:00:03] (Lag: Av=0.60s, max=0.9s)} 0-1

[Event "Is Bankasi Online Satranc Turn.13-14 Yas"]
[Site "T#645826Mustafa Kemal"]
[Date "2020.05.08"]
[Round "4"]
[White "Ruzgarkemalvay82"]
[Black "Yigitkizilcaog54"]
[Result "0-1"]
[WhiteElo "1400"]
[BlackElo "1400"]
[Annotator "NA RC"]
[PlyCount "52"]
[EventDate "2020.05.08"]
[EventType "swiss (blitz)"]

1. e4 {[%emt 0:00:01]} e5 {[%emt 0:00:04]} 2. Nf3 {[%emt 0:00:01]} Nc6 {[%emt 0:00:01]} 3. d4 {[%emt 0:00:03]} d6 {[%emt 0:00:03]} 4. d5 {[%emt 0:00:02]} Nce7 {[%emt 0:00:04]} 5. Nc3 {[%emt 0:00:04]} Nf6 {[%emt 0:00:01]} 6. Bg5 {[%emt 0:00:06]} Ng6 {[%emt 0:00:08]} 7. Bb5+ {[%emt 0:00:08]} Bd7 {[%emt 0:00:02]} 8. Qd3 {[%emt 0:00:20]} Be7 {[%emt 0:00:13]} 9. O-O {[%emt 0:00:13]} Nf4 {[%emt 0:00:03]} 10. Bxd7+ {[%emt 0:00:12]} Qxd7 {[%emt 0:00:03]} 11. Qe3 {[%emt 0:00:02]} O-O {[%emt 0:00:07]} 12. Ne2 {[%emt 0:00:12]} Nxe2+ {[%emt 0:00:04]} 13. Qxe2 {[%emt 0:00:02]} Ng4 {[%emt 0:00:09]} 14. Bxe7 {[%emt 0:00:19]} Qxe7 {[%emt 0:00:00]} 15. Nd2 {[%emt 0:00:07]} Nf6 {[%emt 0:00:06]} 16. b3 {[%emt 0:00:05]} c6 {[%emt 0:00:06]} 17. dxc6 {[%emt 0:00:02]} bxc6 {[%emt 0:00:00]} 18. Qc4 {[%emt 0:00:07]} Rac8 {[%emt 0:00:07]} 19. f3 {[%emt 0:00:03]} d5 {[%emt 0:00:06]} 20. exd5 {[%emt 0:00:03]} cxd5 {[%emt 0:00:01]} 21. Qd3 {[%emt 0:00:04]} e4 {[%emt 0:00:09]} 22. fxe4 {[%emt 0:00:03]} dxe4 {[%emt 0:00:01]} 23. Qe3 {[%emt 0:00:48]} Rce8 {[%emt 0:00:23]} 24. Rac1 {[%emt 0:00:15]} Ng4 {[%emt 0:00:24]} 25. Qg3 {[%emt 0:00:13]} Qc5+ {[%emt 0:00:11]} 26. Kh1 {[%emt 0:00:04]} Ne3 {[%emt 0:00:24] Zaman (Lag: Av=0.77s, max=0.9s)} 0-1

[Event "Is Bankasi Online Satranc Turn.13-14 Yas"]
[Site "T#645826Mustafa Kemal"]
[Date "2020.05.08"]
[Round "4"]
[White "Berkaybozlak42"]
[Black "Ahmethamzabayr88"]
[Result "1-0"]
[WhiteElo "1375"]
[BlackElo "1373"]
[Annotator "NA RC"]
[PlyCount "63"]
[EventDate "2020.05.08"]
[EventType "swiss (blitz)"]

1. e4 {[%emt 0:00:02]} e5 {[%emt 0:00:04]} 2. Nf3 {[%emt 0:00:01]} Nc6 {[%emt 0:00:04]} 3. Bc4 {[%emt 0:00:02]} Bc5 {[%emt 0:00:03]} 4. c3 {[%emt 0:00:01]} f6 {[%emt 0:00:06]} 5. d4 {[%emt 0:00:03]} exd4 {[%emt 0:00:03]} 6. cxd4 {[%emt 0:00:01]} Bb4+ {[%emt 0:00:02]} 7. Bd2 {[%emt 0:00:01]} Qe7 {[%emt 0:00:04]} 8. d5 {[%emt 0:00:05]} Ne5 {[%emt 0:00:04]} 9. Nxe5 {[%emt 0:00:10]} fxe5 {[%emt 0:00:04]} 10. Bxb4 {[%emt 0:00:08]} Qxb4+ {[%emt 0:00:04]} 11. Kf1 {[%emt 0:00:04]} Qxb2 {[%emt 0:00:04]} 12. Nd2 {[%emt 0:00:04]} Qd4 {[%emt 0:00:08]} 13. Bb3 {[%emt 0:00:06]} Qd3+ {[%emt 0:00:06]} 14. Kg1 {[%emt 0:00:03]} c6 {[%emt 0:00:08]} 15. dxc6 {[%emt 0:00:02]} dxc6 {[%emt 0:00:02]} 16. Qh5+ {[%emt 0:00:02]} g6 {[%emt 0:00:06]} 17. Qxe5+ {[%emt 0:00:01]} Ne7 {[%emt 0:00:06]} 18. Qxh8+ {[%emt 0:00:06]} Kd7 {[%emt 0:00:02]} 19. g3 {[%emt 0:00:09]} Qxd2 {[%emt 0:00:02]} 20. Kg2 {[%emt 0:00:01]} Qe2 {[%emt 0:00:05]} 21. Rad1+ {[%emt 0:00:03]} Kc7 {[%emt 0:00:07]} 22. Qe5+ {[%emt 0:00:02]} Kb6 {[%emt 0:00:07]} 23. a4 {[%emt 0:00:06]} a5 {[%emt 0:00:04]} 24. Qd4+ {[%emt 0:00:04]} Ka6 {[%emt 0:00:07]} 25. Bc4+ {[%emt 0:00:04]} Qxc4 {[%emt 0:00:16]} 26. Qxc4+ {[%emt 0:00:01]} b5 {[%emt 0:00:02]} 27. axb5+ {[%emt 0:00:04]} cxb5 {[%emt 0:00:01]} 28. Rd6+ {[%emt 0:00:04]} Ka7 {[%emt 0:00:03]} 29. Qc5+ {[%emt 0:00:02]} Kb8 {[%emt 0:00:03]} 30. Rb6+ {[%emt 0:00:04]} Ka7 {[%emt 0:00:04]} 31. Rxb5+ {[%emt 0:00:04]} Ka6 {[%emt 0:00:07]} 32. Qb6# {[%emt 0:00:01] (Lag: Av=0.93s, max=3.8s)} 1-0

[Event "Is Bankasi Online Satranc Turn.13-14 Yas"]
[Site "T#645826Mustafa Kemal"]
[Date "2020.05.08"]
[Round "4"]
[White "Aleksculcu44"]
[Black "Oktayyigityuks52"]
[Result "0-1"]
[WhiteElo "1360"]
[BlackElo "1620"]
[Annotator "NA RC"]
[PlyCount "62"]
[EventDate "2020.05.08"]
[EventType "swiss (blitz)"]

1. e4 {[%emt 0:00:02]} c5 {[%emt 0:00:01]} 2. Nc3 {[%emt 0:00:04]} d6 {[%emt 0:00:02]} 3. b3 {[%emt 0:00:02]} Nf6 {[%emt 0:00:03]} 4. Nf3 {[%emt 0:00:02]} Nc6 {[%emt 0:00:02]} 5. Bb5 {[%emt 0:00:02]} e6 {[%emt 0:00:02]} 6. d3 {[%emt 0:00:02]} Bd7 {[%emt 0:00:03]} 7. Bg5 {[%emt 0:00:03]} Be7 {[%emt 0:00:01]} 8. O-O {[%emt 0:00:02]} a6 {[%emt 0:00:02]} 9. Bxc6 {[%emt 0:00:04]} Bxc6 {[%emt 0:00:01]} 10. h3 {[%emt 0:00:01]} h6 {[%emt 0:00:02]} 11. Qe1 {[%emt 0:00:07]} hxg5 {[%emt 0:00:05]} 12. Nxg5 {[%emt 0:00:09]} b5 {[%emt 0:00:13]} 13. g3 {[%emt 0:00:15]} Nd7 {[%emt 0:00:15]} 14. h4 {[%emt 0:00:12]} Bxg5 {[%emt 0:00:02]} 15. f3 {[%emt 0:00:25]} Bf6 {[%emt 0:00:06]} 16. Kf2 {[%emt 0:00:03]} Bd4+ {[%emt 0:00:03]} 17. Ke2 {[%emt 0:00:03]} b4 {[%emt 0:00:05]} 18. Na4 {[%emt 0:00:23]} Bxa1 {[%emt 0:00:11]} 19. Qxa1 {[%emt 0:00:02]} Qf6 {[%emt 0:00:03]} 20. Qb1 {[%emt 0:00:09]} Bxa4 {[%emt 0:00:05]} 21. bxa4 {[%emt 0:00:02]} Ne5 {[%emt 0:00:12]} 22. f4 {[%emt 0:00:05]} Nc6 {[%emt 0:00:05]} 23. f5 {[%emt 0:00:07]} Nd4+ {[%emt 0:00:02]} 24. Ke3 {[%emt 0:00:06]} exf5 {[%emt 0:00:01]} 25. exf5 {[%emt 0:00:02]} Qe5+ {[%emt 0:00:04]} 26. Kf2 {[%emt 0:00:13]} Qe2+ {[%emt 0:00:05]} 27. Kg1 {[%emt 0:00:04]} Nf3+ {[%emt 0:00:04]} 28. Rxf3 {[%emt 0:00:31]} Qxf3 {[%emt 0:00:02]} 29. Qe1+ {[%emt 0:00:05]} Kd7 {[%emt 0:00:06]} 30. g4 {[%emt 0:00:27]} Rae8 {[%emt 0:00:04]} 31. Qd2 {[%emt 0:00:07]} Re2 {[%emt 0:00:07] Zaman (Lag: Av=0.50s, max=3.1s)} 0-1

[Event "Is Bankasi Online Satranc Turn.13-14 Yas"]
[Site "T#645826Mustafa Kemal"]
[Date "2020.05.08"]
[Round "4"]
[White "Onuryasa94"]
[Black "Erdoganacar00"]
[Result "0-1"]
[WhiteElo "1283"]
[BlackElo "1563"]
[Annotator "NA RC"]
[PlyCount "68"]
[EventDate "2020.05.08"]
[EventType "swiss (blitz)"]

1. e4 {[%emt 0:00:04]} c5 {[%emt 0:00:01]} 2. Nf3 {[%emt 0:00:04]} g6 {[%emt 0:00:01]} 3. Bc4 {[%emt 0:00:04]} Bg7 {[%emt 0:00:01]} 4. Nc3 {[%emt 0:00:02]} Nc6 {[%emt 0:00:02]} 5. d3 {[%emt 0:00:03]} e6 {[%emt 0:00:08]} 6. O-O {[%emt 0:00:04]} Nge7 {[%emt 0:00:01]} 7. Bg5 {[%emt 0:00:05]} O-O {[%emt 0:00:02]} 8. Qd2 {[%emt 0:00:08]} a6 {[%emt 0:00:12]} 9. Rfe1 {[%emt 0:00:04]} Re8 {[%emt 0:00:11]} 10. Rad1 {[%emt 0:00:06]} Qc7 {[%emt 0:00:27]} 11. d4 {[%emt 0:00:28]} cxd4 {[%emt 0:00:03]} 12. Nxd4 {[%emt 0:00:02]} Nxd4 {[%emt 0:00:02]} 13. Bh6 {[%emt 0:00:24]} Ndc6 {[%emt 0:00:21]} 14. Qe3 {[%emt 0:00:21]} b5 {[%emt 0:00:05]} 15. Bb3 {[%emt 0:00:04]} Qa7 {[%emt 0:00:10]} 16. Qd2 {[%emt 0:00:21]} Bb7 {[%emt 0:00:13]} 17. Be3 {[%emt 0:00:03]} Qb8 {[%emt 0:00:09]} 18. Qe2 {[%emt 0:00:08]} Qc8 {[%emt 0:00:05]} 19. a3 {[%emt 0:00:09]} Na5 {[%emt 0:00:05]} 20. Ba2 {[%emt 0:00:06]} Nc4 {[%emt 0:00:03]} 21. Bc1 {[%emt 0:00:16]} d5 {[%emt 0:00:12]} 22. b3 {[%emt 0:00:04]} Nb6 {[%emt 0:00:07]} 23. e5 {[%emt 0:00:15]} Nd7 {[%emt 0:00:14]} 24. Bf4 {[%emt 0:00:04]} Qc6 {[%emt 0:00:04]} 25. Rd3 {[%emt 0:00:05]} d4 {[%emt 0:00:21]} 26. Ne4 {[%emt 0:00:02]} Qxe4 {[%emt 0:00:03]} 27. Qxe4 {[%emt 0:00:05]} Bxe4 {[%emt 0:00:00]} 28. Rxe4 {[%emt 0:00:01]} Nc5 {[%emt 0:00:00]} 29. Rdxd4 {[%emt 0:00:05]} Nxe4 {[%emt 0:00:01]} 30. Rxe4 {[%emt 0:00:01]} Nd5 {[%emt 0:00:01]} 31. Bd2 {[%emt 0:00:04]} Rac8 {[%emt 0:00:06]} 32. c4 {[%emt 0:00:05]} bxc4 {[%emt 0:00:02]} 33. bxc4 {[%emt 0:00:01]} Nb6 {[%emt 0:00:01]} 34. Ba5 {[%emt 0:00:03]} Nd7 {[%emt 0:00:04] Zaman (Lag: Av=0.56s, max=2.2s)} 0-1